000
00249nam a22001097a 4500
008
131127t xxu||||| |||| 00| 0 eng d
020
_a
0-7166-0298-9
245
_a
World book dictionary
260
_a
World book inc.
300
_a
Book
942
_2
ddc
_c
BK
999
_c
16559
_d
16559